[Event "BLR-ch sf (Women)"]
[Site "Minsk"]
[Date "2023.12.07"]
[Round "1"]
[White "Ramanovich, Maryia"]
[Black "Koishman, Karina"]
[Result "1/2-1/2"]
[WhiteElo "1152"]
[BlackElo "1473"]
[PlyCount "83"]
[EventDate "2023.12.07"]
[EventType "swiss"]
[EventRounds "9"]
[EventCountry "BLR"]
[SourceTitle "CB51_2023"]
[SourceDate "2023.12.20"]
[SourceVersion "1"]
[SourceVersionDate "2023.12.20"]
[SourceQuality "1"]

1. e4 c5 2. d4 cxd4 3. Qxd4 Nc6 4. Qd3 e6 5. Nc3 Nf6 6. Bf4 Bb4 7. Nge2 0-0 8. 0-0-0 Bc5 9. f3 a5 10. g4 b6 11. h4 Ba6 12. Qd2 Ra7 13. h5 e5 14. Bg5 Be7 15. Rg1 Ne8 16. Bxe7 Nxe7 17. g5 b5 18. Ng3 Qb6 19. Bh3 d6 20. Nf5 Nxf5 21. exf5 Bb7 22. Qe2 Bc6 23. g6 fxg6 24. fxg6 h6 25. Be6+ Kh8 26. Bf7 b4 27. Ne4 Bxe4 28. fxe4 Nc7 29. Qd2 Rd8 30. Rdf1 Nb5 31. Rg2 Nd4 32. Rf6 Raa8 33. Bc4 Qc7 34. b3 Rf8 35. Rgf2 Rxf6 36. Rxf6 Qb8 37. Qf2 Qd8 38. Rf7 Qe8 39. Qe3 Ne6 40. Qb6 Ng5 41. Rc7 Qf8 42. Qb7 1/2-1/2

[Event "Minsk op"]
[Site "Minsk"]
[Date "2023.11.06"]
[Round "4"]
[White "Klachkou, Platon"]
[Black "Koishman, Karina"]
[Result "1-0"]
[WhiteElo "2066"]
[BlackElo "1499"]
[PlyCount "71"]
[EventDate "2023.11.03"]
[EventType "swiss"]
[EventRounds "9"]
[EventCountry "BLR"]
[SourceTitle "CB46_2023"]
[SourceDate "2023.11.15"]
[SourceVersion "1"]
[SourceVersionDate "2023.11.15"]
[SourceQuality "1"]

1. Nf3 d5 2. d4 Nf6 3. e3 e6 4. Bd3 c5 5. c3 Nc6 6. Nbd2 Bd6 7. 0-0 0-0 8. dxc5 Bxc5 9. b4 Bd6 10. Bb2 b6 11. a3 Ne5 12. Nxe5 Bxe5 13. f4 Bc7 14. c4 dxc4 15. Nxc4 Bb7 16. Qe2 Qe7 17. e4 Rfd8 18. e5 Nd5 19. Rf3 g6 20. Nd2 Rac8 21. Ne4 Bb8 22. Raf1 Rd7 23. Rh3 a6 24. Qg4 Re8 25. Bc4 Kg7 26. Nf6 Rh8 27. Bxd5 Bxd5 28. Qh4 h6 29. Nxd7 Qxd7 30. Qf6+ Kg8 31. f5 b5 32. fxg6 Ba7+ 33. Kh1 Bxg2+ 34. Kxg2 Qd2+ 35. Kh1 Qd5+ 36. Rhf3 1-0

[Event "Minsk op"]
[Site "Minsk"]
[Date "2023.11.04"]
[Round "2"]
[White "Tylkov, Timofey"]
[Black "Koishman, Karina"]
[Result "1/2-1/2"]
[WhiteElo "1246"]
[BlackElo "1499"]
[PlyCount "61"]
[EventDate "2023.11.03"]
[EventType "swiss"]
[EventRounds "9"]
[EventCountry "BLR"]
[SourceTitle "CB46_2023"]
[SourceDate "2023.11.15"]
[SourceVersion "1"]
[SourceVersionDate "2023.11.15"]
[SourceQuality "1"]

1. Nf3 d5 2. g3 Nf6 3. Bg2 e6 4. 0-0 c5 5. d3 Nc6 6. Nbd2 Be7 7. e4 0-0 8. b3 b6 9. Bb2 Bb7 10. Re1 Rc8 11. a3 b5 12. a4 a6 13. c4 bxc4 14. bxc4 Nb4 15. Qb3 d4 16. Ba3 Bc6 17. Bxb4 Rb8 18. Qc2 Rxb4 19. Reb1 Qa5 20. Rxb4 Qxb4 21. Ne5 Be8 22. Ra2 Bd6 23. Nef3 e5 24. Qb3 Qxb3 25. Nxb3 Bd7 26. Nbd2 Rb8 27. Nh4 Bg4 28. Bf3 g6 29. Bxg4 Nxg4 30. h3 Nf6 31. Ng2 1/2-1/2

[Event "BLR-ch U18 Girls"]
[Site "Orsha"]
[Date "2022.02.13"]
[Round "4"]
[White "Koishman, Karina"]
[Black "Danchanka, Zlata"]
[Result "1-0"]
[WhiteElo "1476"]
[BlackElo "1673"]
[PlyCount "55"]
[EventDate "2022.02.10"]
[EventType "swiss"]
[EventRounds "9"]
[EventCountry "BLR"]
[SourceTitle "CBM 207 Extra"]
[Source "ChessBase"]
[SourceDate "2022.05.31"]
[SourceVersion "1"]
[SourceVersionDate "2022.05.31"]
[SourceQuality "1"]

1. d4 Nf6 2. Nc3 c5 3. d5 d6 4. e4 g6 5. Bg5 Bg7 6. Qd2 Qb6 7. Rb1 h6 8. Bf4 g5 9. Be3 Ng4 10. Be2 Nxe3 11. Qxe3 Qb4 12. Bb5+ Kf8 13. Nge2 a6 14. a3 Qa5 15. Bc4 b5 16. Bb3 Nd7 17. 0-0 c4 18. Ba2 Qb6 19. Qd2 a5 20. b3 cxb3 21. Rxb3 b4 22. Nd1 Nc5 23. Re3 bxa3 24. Kh1 Ba6 25. f4 Qb4 26. c3 Qa4 27. c4 Qb4 28. Ndc3 1-0

[Event "BLR-ch (Women)"]
[Site "Minsk"]
[Date "2022.01.16"]
[Round "6"]
[White "Zeliantsova, Kseniya"]
[Black "Koishman, Karina"]
[Result "1-0"]
[WhiteElo "1953"]
[BlackElo "1465"]
[PlyCount "63"]
[EventDate "2022.01.11"]
[EventType "tourn"]
[EventRounds "9"]
[EventCountry "BLR"]
[SourceTitle "CBM 206 Extra"]
[Source "ChessBase"]
[SourceDate "2022.03.31"]
[SourceVersion "1"]
[SourceVersionDate "2022.03.31"]
[SourceQuality "1"]

1. e4 c5 2. Nf3 e6 3. Nc3 Nc6 4. g3 Nf6 5. Bg2 d5 6. exd5 exd5 7. d4 h6 8. 0-0 Be7 9. Be3 cxd4 10. Nxd4 0-0 11. h3 Ne5 12. b3 Bb4 13. Nde2 Nc6 14. Nb5 a6 15. Nbd4 Ne7 16. Qd3 Bd7 17. f4 Ne8 18. f5 Rc8 19. Rf4 Qc7 20. Raf1 Bc5 21. Qd2 Bxd4 22. Nxd4 Qc3 23. Qc1 Nc6 24. Nxc6 Rxc6 25. Bxd5 Rd6 26. Bg2 Bb5 27. Re1 Nf6 28. a4 Bc6 29. Rc4 Qa5 30. Bc5 Rd2 31. Bxc6 Rfd8 32. Bg2 1-0